<The> Mainstreaming of islamophobia in the Czech republic
V českom mediálnom priestore od roku 2015 dominuje migračná kríza, následne ho zaplavili xenofóbne a islamofóbne postoje, ktoré vytvorili silne negatívny obraz islamu a moslimov. Tri aspekty islamofóbie: islamofóbne postoje, ideológia anti-islamizmu, negatívne stereotypy týkajúce sa islamu a moslimo...
Salvato in:
| Autore principale: | |
|---|---|
| Natura: | Capitolo di libro |
| Lingua: | inglese |
| Soggetti: | |
| Tags: |
Nessun Tag, puoi essere il primo ad aggiungerne!!
|
MARC
| LEADER | 00000nla a2200000 4500 | ||
|---|---|---|---|
| 001 | 0231278 | ||
| 005 | 20220801090702.8 | ||
| 041 | 0 | |a eng | |
| 044 | |a PL | ||
| 245 | 1 | 0 | |a <The> Mainstreaming of islamophobia in the Czech republic |c Zora Hesová |
| 520 | |a V českom mediálnom priestore od roku 2015 dominuje migračná kríza, následne ho zaplavili xenofóbne a islamofóbne postoje, ktoré vytvorili silne negatívny obraz islamu a moslimov. Tri aspekty islamofóbie: islamofóbne postoje, ideológia anti-islamizmu, negatívne stereotypy týkajúce sa islamu a moslimov. Meniace sa formy islamofóbie. Anti-moslimské stereotypy ako politická mena. | ||
| 610 | 2 | 0 | |a médiá |
| 610 | 2 | 0 | |a kríza |
| 610 | 2 | 0 | |a imigrácia |
| 610 | 2 | 0 | |a islam |
| 610 | 2 | 0 | |a náboženstvo |
| 610 | 2 | 0 | |a politika |
| 610 | 2 | 0 | |a Česko |
| 100 | 1 | |a Hesová, Zora | |